التعليقات / (Record no. 5794)
[ view plain ]
| 000 -الفاتح | |
|---|---|
| حقل البيانات ثابتة الطول | 00548nac a22001331u 4500 |
| 008 - عناصر البيانات ثابتة الطول - معلومات عامة | |
| حقل البيانات ثابتة الطول | 080904t ua|||||r|||| 001 0 ara d |
| 082 ## - رقم تصنيف ديوى العشرى | |
| رقم التصنيف | 189 |
| رقم المادة | س ي ن |
| 100 ## - المدخل الرئيسى - إسم شخصى | |
| الإسم الشخصى | ابن سينا ، أبو علي الحسين ابن عبد الله |
| 9 (RLIN) | 398 |
| 245 ## - بيان العنوان | |
| العنوان | التعليقات / |
| بيان المسئوليه,etc | ابن سينا ؛ حققه وقدم له عبد الرحمن بدوي |
| 260 ## - PUBLICATION, DISTRIBUTION, ETC. (IMPRINT) | |
| مكان الناشر او الموزع | القاهرة : |
| اسم الناشر او الموزع | الهيئة المصرية العامة للكتاب، 1973. |
| تاريخ النشر أو التوزيع | 1973. |
| 300 ## - الوصف المادى | |
| التعداد | 199 ص ؛ |
| أبعاد الوعاء | 24 سم . |
| 511 ## - | |
| -- | Catalogued by: Sara |
| 942 ## - عناصر المدخل الإضافي( كوها) | |
| Koha [default] item type | Book - Borrowing |
| سابقة رقم الطلب | 189 س ي ن |
| مصدر التصنيف او مخطط الترفيف | Dewey Decimal Classification |
| حالة التراجع | حالة الفقد | مصدر التصنيف او خطة الترفيف | حالة تلف | ليس للاعارة | مجموعات كوها | المكان الدائم | المكان الحالي | موقع الترفيف | تاريخ الاكتساب | Source of acquisition | رقم الاستدعاء | الباركود | Date last seen | نوع الوعاء |
|---|---|---|---|---|---|---|---|---|---|---|---|---|---|---|
| Dewey Decimal Classification | Central Library | Central Library | Lower Floor | 07/11/2005 | 189 س ي ن | 000007428 | 15/07/2025 | Book - Borrowing |